<?xml version="1.0" encoding="UTF-8"?>
<record
    xmlns:xsi="http://www.w3.org/2001/XMLSchema-instance"
    xsi:schemaLocation="http://www.loc.gov/MARC21/slim http://www.loc.gov/standards/marcxml/schema/MARC21slim.xsd"
    xmlns="http://www.loc.gov/MARC21/slim">

  <leader>01088nam a2200193Ia 4500</leader>
  <datafield tag="999" ind1=" " ind2=" ">
    <subfield code="c">37636</subfield>
    <subfield code="d">37636</subfield>
  </datafield>
  <controlfield tag="001">3608</controlfield>
  <controlfield tag="003">GE_BSU</controlfield>
  <controlfield tag="005">20190626204656.0</controlfield>
  <controlfield tag="008">181216s2007||||ge |||||||||||||| ||geo||</controlfield>
  <datafield tag="040" ind1=" " ind2=" ">
    <subfield code="c">GE_BSU</subfield>
  </datafield>
  <datafield tag="041" ind1=" " ind2=" ">
    <subfield code="a">geo</subfield>
  </datafield>
  <datafield tag="080" ind1=" " ind2=" ">
    <subfield code="a">34(479.223)(094.1) &#x10D0;&#x2013;95</subfield>
  </datafield>
  <datafield tag="245" ind1=" " ind2=" ">
    <subfield code="a">&#x10D0;&#x10ED;&#x10D0;&#x10E0;&#x10D8;&#x10E1; &#x10D0;&#x10D5;&#x10E2;&#x10DD;&#x10DC;&#x10DD;&#x10DB;&#x10D8;&#x10E3;&#x10E0;&#x10D8; &#x10E0;&#x10D4;&#x10E1;&#x10DE;&#x10E3;&#x10D1;&#x10DA;&#x10D8;&#x10D9;&#x10D0; : </subfield>
    <subfield code="b">&#x10E1;&#x10D0;&#x10D9;&#x10D0;&#x10DC;&#x10DD;&#x10DC;&#x10DB;&#x10D3;&#x10D4;&#x10D1;&#x10DA;&#x10DD; &#x10D0;&#x10E5;&#x10E2;&#x10D4;&#x10D1;&#x10D8;&#x10E1; &#x10D9;&#x10E0;&#x10D4;&#x10D1;&#x10E3;&#x10DA;&#x10D8;, 2004-2007 / </subfield>
    <subfield code="h">&#x10E0;&#x10D4;&#x10D3;. &#x10DE;&#x10D4;&#x10E2;&#x10E0;&#x10D4; &#x10D6;&#x10D0;&#x10DB;&#x10D1;&#x10D0;&#x10EE;&#x10D8;&#x10EB;&#x10D4;.</subfield>
  </datafield>
  <datafield tag="264" ind1=" " ind2=" ">
    <subfield code="a">&#x10D1;&#x10D0;&#x10D7;&#x10E3;&#x10DB;&#x10D8; : </subfield>
    <subfield code="b">&#x10D0;&#x10ED;&#x10D0;&#x10E0;&#x10D8;&#x10E1; &#x10D0;/&#x10E0; &#x10E3;&#x10DB;&#x10D0;&#x10E6;&#x10DA;. &#x10E1;&#x10D0;&#x10D1;&#x10ED;&#x10DD;&#x10E1; &#x10E1;&#x10D0;&#x10D9;&#x10DD;&#x10DC;&#x10E1;&#x10E2;&#x10D8;&#x10E2;&#x10E3;&#x10EA;&#x10D8;&#x10DD;, &#x10D8;&#x10E3;&#x10E0;&#x10D8;&#x10D3;. &#x10D3;&#x10D0; &#x10E1;&#x10D0;&#x10DE;&#x10E0;&#x10DD;&#x10EA;. &#x10E1;&#x10D0;&#x10D9;&#x10D8;&#x10D7;&#x10EE;&#x10D7;&#x10D0; &#x10D9;&#x10DD;&#x10DB;&#x10D8;&#x10E2;&#x10D4;&#x10E2;&#x10D8;, </subfield>
    <subfield code="c">2007.</subfield>
  </datafield>
  <datafield tag="300" ind1=" " ind2=" ">
    <subfield code="a">393 &#x10D2;&#x10D5;.;</subfield>
    <subfield code="b">29 &#x10E1;&#x10DB;.</subfield>
  </datafield>
  <datafield tag="653" ind1=" " ind2=" ">
    <subfield code="a">&#x10D0;&#x10ED;&#x10D0;&#x10E0;&#x10D8;&#x10E1; &#x10D0;&#x10D5;&#x10E2;&#x10DD;&#x10DC;&#x10DD;&#x10DB;&#x10D8;&#x10E3;&#x10E0;&#x10D8; &#x10E0;&#x10D4;&#x10E1;&#x10DE;&#x10E3;&#x10D1;&#x10DA;&#x10D8;&#x10D9;&#x10D8;&#x10E1; &#x10E1;&#x10D0;&#x10D9;&#x10D0;&#x10DC;&#x10DD;&#x10DC;&#x10DB;&#x10D3;&#x10D4;&#x10D1;&#x10DA;&#x10DD; &#x10D0;&#x10E5;&#x10E2;&#x10D4;&#x10D1;&#x10D8;</subfield>
  </datafield>
  <datafield tag="700" ind1=" " ind2=" ">
    <subfield code="a">&#x10D6;&#x10D0;&#x10DB;&#x10D1;&#x10D0;&#x10EE;&#x10D8;&#x10EB;&#x10D4;, &#x10DE;&#x10D4;&#x10E2;&#x10E0;&#x10D4;</subfield>
    <subfield code="e">&#x10E0;&#x10D4;&#x10D3;&#x10D0;&#x10E5;&#x10E2;&#x10DD;&#x10E0;&#x10D8;</subfield>
    <subfield code="9">2981</subfield>
  </datafield>
  <datafield tag="942" ind1=" " ind2=" ">
    <subfield code="c">BK</subfield>
    <subfield code="2">udc</subfield>
  </datafield>
  <datafield tag="952" ind1=" " ind2=" ">
    <subfield code="0">0</subfield>
    <subfield code="1">0</subfield>
    <subfield code="2">udc</subfield>
    <subfield code="4">0</subfield>
    <subfield code="6">344792230941_&#x10D0;95</subfield>
    <subfield code="7">0</subfield>
    <subfield code="9">38024</subfield>
    <subfield code="a">CPL</subfield>
    <subfield code="b">CPL</subfield>
    <subfield code="c">GEN</subfield>
    <subfield code="d">2018-12-17</subfield>
    <subfield code="o">34(479.223)(094.1) &#x10D0;&#x2013;95</subfield>
    <subfield code="p">5226</subfield>
    <subfield code="r">2018-12-17</subfield>
    <subfield code="t">5226</subfield>
    <subfield code="w">2018-12-17</subfield>
    <subfield code="y">BK</subfield>
    <subfield code="z"> </subfield>
  </datafield>
  <datafield tag="952" ind1=" " ind2=" ">
    <subfield code="0">0</subfield>
    <subfield code="1">0</subfield>
    <subfield code="2">udc</subfield>
    <subfield code="4">0</subfield>
    <subfield code="6">344792230941_&#x10D0;95</subfield>
    <subfield code="7">0</subfield>
    <subfield code="9">38025</subfield>
    <subfield code="a">CPL</subfield>
    <subfield code="b">CPL</subfield>
    <subfield code="c">GEN</subfield>
    <subfield code="d">2018-12-17</subfield>
    <subfield code="o">34(479.223)(094.1) &#x10D0;&#x2013;95</subfield>
    <subfield code="p">5227</subfield>
    <subfield code="r">2018-12-17</subfield>
    <subfield code="t">5227</subfield>
    <subfield code="w">2018-12-17</subfield>
    <subfield code="y">BK</subfield>
    <subfield code="z"> </subfield>
  </datafield>
</record>
